Normal view
MARC view
- PRINCIPLES OF QURANIC SOCIOLOGY
Entry Topical Term
001 - CONTROL NUMBER
- control field: 63767
003 - CONTROL NUMBER IDENTIFIER
- control field: NUST
005 - DATE AND TIME OF LATEST TRANSACTION
- control field: 20210628203155.0
008 - FIXED-LENGTH DATA ELEMENTS
- fixed length control field: 210628|| aca||aabn | a|a d
040 ## - CATALOGING SOURCE
- Original cataloging agency: NUST
- Transcribing agency: NUST
150 ## - HEADING--TOPICAL TERM
- Topical term or geographic name entry element: PRINCIPLES OF QURANIC SOCIOLOGY
670 ## - SOURCE DATA FOUND
- Source citation: Work cat.: (NUST): Muhammad Basharat Ali. Dr 63766, Laws and principles of quranic sociology, 1971
